000 00432cam a2200181ua 4500
020 _c2.20
041 _aeng
_h
082 _a372.6521
_bBEL/TE
100 _aBell, C R V .
245 _aTeaching lively English /
_cC R V Bell.
_hTextual Documents
250 _a1 /
_b.
260 _aLondon :
_bLongman Green and Co ,
_c1943.
300 _a55 ; .
365 _a2.20
504 _a
942 _cBK
999 _c12135
_d12135